| 000 | 00861nam a22002057a 4500 | ||
|---|---|---|---|
| 999 |
_c7387 _d7387 |
||
| 003 | AR-CdUCM | ||
| 008 | 190320b ||||| |||| 00| 0 spa d | ||
| 040 |
_aMUNICIPALIDAD PROVINCIAL DEL CUSCO _cBIBLIOTECA MUNICIPAL DEL CUSCO |
||
| 082 |
_a633.4 / _bOC31 |
||
| 100 |
_aOchoa, Carlos M. _920819 |
||
| 245 |
_aLos Solanum tuberíferos silvestres del Perú : _b(secc. Tuberarium, Sub-secc. Hyperbasarthrum) / |
||
| 260 |
_aLima : _c1962. |
||
| 300 |
_a297 páginas ; _bilustraciones, figuras, _c23 cm. |
||
| 505 | _aContenido: Revisión histórica -- Lista de especies silvestres de papas peruanas -- Material estudiado y explicación del texto -- Tratamiento sistemático -- Especies excluidas -- Especies no tratadas ... | ||
| 650 |
_aEspecies de papas _920820 |
||
| 650 |
_aTratamiento _920821 |
||
| 650 |
_aPerú _935 |
||
| 942 |
_2ddc _cLIBROS |
||
| 945 | _aachl | ||